| Tag |
First Indicator |
Second Indicator |
Subfields |
| LEADER |
00000cam a2200000 a 4500 |
| 001 |
in00000009884 |
| 005 |
20151007051558.0 |
| 008 |
861126s1987 enk abi 00110 eng c |
| 010 |
|
|
|a 86031855
|
| 020 |
|
|
|a 0566035359 (pbk.) :
|c $32.00 (U.S. : est.)
|
| 035 |
|
|
|a (OCoLC)14967548
|
| 035 |
|
|
|9 AAA3716AM
|
| 040 |
|
|
|a DNLM/DLC
|c DLC
|d TXA
|d UtOrBLW
|
| 049 |
|
|
|a TXAF
|c [A12638052]
|
| 050 |
0 |
0 |
|a BF1
|b .A48 1987
|
| 060 |
|
0 |
|a Z695.9 A417h
|
| 082 |
0 |
|
|a 150
|2 19
|
| 100 |
1 |
|
|a Allan, Barbara.
|
| 245 |
1 |
0 |
|a How to use Psychological abstracts and Biological abstracts /
|c Barbara Allan and Barry Strickland-Hodge.
|
| 264 |
|
1 |
|a Aldershot, Hants, England ;
|a Brookfield, Vt., USA :
|b Gower,
|c [1987]
|
| 264 |
|
4 |
|c ©1987
|
| 300 |
|
|
|a viii, 76 pages ;
|c 30 cm.
|
| 336 |
|
|
|a text
|b txt
|2 rdacontent
|
| 337 |
|
|
|a unmediated
|b n
|2 rdamedia
|
| 338 |
|
|
|a volume
|b nc
|2 rdacarrier
|
| 490 |
1 |
|
|a Information sources in the medical sciences series
|
| 500 |
|
|
|a Includes indexes.
|
| 650 |
|
0 |
|a Psychology
|x Abstracting and indexing.
|
| 650 |
|
0 |
|a Biology
|x Abstracting and indexing.
|
| 650 |
|
0 |
|a Psychological abstracts.
|
| 650 |
|
0 |
|a Biological abstracts.
|
| 650 |
|
0 |
|a Psychology
|v Bibliography
|x Methodology.
|
| 650 |
|
0 |
|a Biology
|v Bibliography
|x Methodology.
|
| 700 |
1 |
|
|a Strickland-Hodge, Barry.
|
| 830 |
|
0 |
|a Information sources in the medical sciences series.
|
| 999 |
|
|
|a MARS
|
| 999 |
f |
f |
|s cfa1fc2f-4889-3315-b731-5bb652fac360
|i c75093ad-47db-3220-a26f-2a6944bd9da6
|t 0
|
| 952 |
f |
f |
|p ric
|a Texas A&M University
|b Rellis Campus
|c Joint Library Facility
|d Remote Storage
|t 0
|e BF1 .A48 1987
|h Library of Congress classification
|i unmediated -- volume
|m A14812638052
|
| 998 |
f |
f |
|a BF1 .A48 1987
|t 0
|l Remote Storage
|